Normal view
MARC view
Entry Genre/Form Term
001 - CONTROL NUMBER
- control field: 25022
003 - CONTROL NUMBER IDENTIFIER
- control field: BSU
005 - DATE AND TIME OF LATEST TRANSACTION
- control field: 20250220140951.0
008 - FIXED-LENGTH DATA ELEMENTS
- fixed length control field: 250220|| aca||aabn | a|a d
040 ## - CATALOGING SOURCE
- Original cataloging agency: BSU
- Transcribing agency: BSU
155 ## - HEADING--GENRE/FORM TERM
- Genre/form term: Commentaries
670 ## - SOURCE DATA FOUND
- Source citation: Work cat.: (BSU)12829: Kaskas Safi 25018, The Qur'an with references to the Bible :